<?xml version="1.0" encoding="UTF-8"?>
<record
    xmlns:xsi="http://www.w3.org/2001/XMLSchema-instance"
    xsi:schemaLocation="http://www.loc.gov/MARC21/slim http://www.loc.gov/standards/marcxml/schema/MARC21slim.xsd"
    xmlns="http://www.loc.gov/MARC21/slim">

  <leader>02992nam a2200445Ii 4500</leader>
  <controlfield tag="001">DIGCIDOB039</controlfield>
  <controlfield tag="003">NyNyDIG</controlfield>
  <controlfield tag="006">m     o  d        </controlfield>
  <controlfield tag="007">cr |||||||||||</controlfield>
  <controlfield tag="008">131201s2010    sp ab   ob    100 0 spa d</controlfield>
  <datafield tag="020" ind1=" " ind2=" ">
    <subfield code="z">9788492511181</subfield>
  </datafield>
  <datafield tag="020" ind1=" " ind2=" ">
    <subfield code="z">8492511184</subfield>
  </datafield>
  <datafield tag="035" ind1=" " ind2=" ">
    <subfield code="a">(OCoLC)888261962</subfield>
  </datafield>
  <datafield tag="040" ind1=" " ind2=" ">
    <subfield code="a">DGITA</subfield>
    <subfield code="b">eng</subfield>
    <subfield code="e">pn</subfield>
    <subfield code="c">DGITA</subfield>
  </datafield>
  <datafield tag="043" ind1=" " ind2=" ">
    <subfield code="a">e-sp---</subfield>
    <subfield code="a">cl-----</subfield>
  </datafield>
  <datafield tag="050" ind1="1" ind2="4">
    <subfield code="a">DP53.L38 eBook</subfield>
  </datafield>
  <datafield tag="245" ind1="0" ind2="0">
    <subfield code="a">Inmigraci&#xF3;n latinoamericana en Espa&#xF1;a </subfield>
    <subfield code="h">[electronic  resource] :</subfield>
    <subfield code="b">el estado de la investigaci&#xF3;n /</subfield>
    <subfield code="c">Anna Ayuso y Gemma Pinyol (eds.).</subfield>
  </datafield>
  <datafield tag="264" ind1=" " ind2="1">
    <subfield code="a">Barcelona :</subfield>
    <subfield code="b">Fundaci&#xF3; CIDOB :</subfield>
    <subfield code="b">Distribuido por Edicions Bellaterra, S.L.,</subfield>
    <subfield code="c">c2010.</subfield>
  </datafield>
  <datafield tag="300" ind1=" " ind2=" ">
    <subfield code="a">1 online resource (330 pages) :</subfield>
    <subfield code="b">ill., maps.</subfield>
  </datafield>
  <datafield tag="336" ind1=" " ind2=" ">
    <subfield code="a">text</subfield>
    <subfield code="b">txt</subfield>
    <subfield code="2">rdacontent</subfield>
  </datafield>
  <datafield tag="337" ind1=" " ind2=" ">
    <subfield code="a">computer</subfield>
    <subfield code="b">c</subfield>
    <subfield code="2">rdamedia</subfield>
  </datafield>
  <datafield tag="338" ind1=" " ind2=" ">
    <subfield code="a">online resource</subfield>
    <subfield code="b">cr</subfield>
    <subfield code="2">rdacarrier</subfield>
  </datafield>
  <datafield tag="490" ind1="1" ind2=" ">
    <subfield code="a">Interrogar la actualidad. Serie Am&#xE9;rica Latina.</subfield>
  </datafield>
  <datafield tag="504" ind1=" " ind2=" ">
    <subfield code="a">Includes bibliographical references.</subfield>
  </datafield>
  <datafield tag="505" ind1="0" ind2=" ">
    <subfield code="a">Din&#xE1;micas migratorias y relaciones internacionales. Determinantes de la emigraci&#xF3;n : el caso espa&#xF1;ol / Jos&#xE9; Antonio Alonso -- Cambios y desaf&#xED;os en la migraci&#xF3;n internacional : el ejemploy de Iberoam&#xE9;rica / Jorge Mart&#xED;nez Pizarro -- Pol&#xED;ticas migratorias y relaciones bilaterales Espa&#xF1;a-Am&#xE9;rica Latina / Sandra Gil Araujo -- Latinoamericanos en Espa&#xF1;a : de la integraci&#xF3;n al retorno / Laura Tedesco --</subfield>
  </datafield>
  <datafield tag="505" ind1="0" ind2=" ">
    <subfield code="a">La inmigraci&#xF3;n latinoamericana en Espa&#xF1;a : perspectivas geogr&#xE1;fica y sectorial. El caso de la migraci&#xF3;n ecuatoriana en Espa&#xF1;a / Renzo Stroscio -- Argentinos en Espa&#xF1;a / Walter Actis -- La cultura pol&#xED;tica de los j&#xF3;venes inmigrantes latinoamericanos en Espa&#xF1;a : el desarrollo c&#xED;vico como indicador de su integraci&#xF3;n pol&#xED;tica / Pablo Biderbost -- Evoluci&#xF3;n de las pr&#xE1;cticas transnacionales en El Salvador durante el per&#xED;odo 2000-2006 y su incidencia en la promoci&#xF3;n del codesarrollo y reducci&#xF3;n de la pobreza de las comunidades de origen / Maria Carballo de la Riva y Rhina Cabezas Valencia --</subfield>
  </datafield>
  <datafield tag="505" ind1="0" ind2=" ">
    <subfield code="a">El estado de la investigaci&#xF3;n. Es estado de la investigaci&#xF3;n sobre las migraciones latinamericanas a Espa&#xF1;a : perspectivas sociales y pol&#xED;tica / Andr&#xE9;s Tornos -- Estado de la investigaci&#xF3;n sobre las migraciones colombianas a Espa&#xF1;a / Rosa Aparicio G&#xF3;mez -- Inmigraci&#xF3;n latinoamericana en Espa&#xF1;a : el estado de la investigaci&#xF3;n / Marieke G&#xF6;ttsch.</subfield>
  </datafield>
  <datafield tag="651" ind1=" " ind2="0">
    <subfield code="a">Spain</subfield>
    <subfield code="x">Emigration and immigration</subfield>
    <subfield code="v">Congresses.</subfield>
  </datafield>
  <datafield tag="651" ind1=" " ind2="0">
    <subfield code="a">Latin America</subfield>
    <subfield code="x">Emigration and immigration</subfield>
    <subfield code="v">Congresses.</subfield>
  </datafield>
  <datafield tag="650" ind1=" " ind2="0">
    <subfield code="a">Latin Americans</subfield>
    <subfield code="z">Spain</subfield>
    <subfield code="v">Congresses.</subfield>
  </datafield>
  <datafield tag="655" ind1=" " ind2="0">
    <subfield code="a">Electronic books.</subfield>
  </datafield>
  <datafield tag="700" ind1="1" ind2=" ">
    <subfield code="a">Ayuso, Anna.</subfield>
  </datafield>
  <datafield tag="700" ind1="1" ind2=" ">
    <subfield code="a">Pinyol, Gemma.</subfield>
  </datafield>
  <datafield tag="791" ind1="2" ind2=" ">
    <subfield code="a">Digitalia (Firm),</subfield>
    <subfield code="e">distributor.</subfield>
  </datafield>
  <datafield tag="830" ind1=" " ind2="0">
    <subfield code="a">Interrogar la actualidad.</subfield>
    <subfield code="p">Serie Am&#xE9;rica Latina.</subfield>
  </datafield>
  <datafield tag="793" ind1="0" ind2=" ">
    <subfield code="g">Digitalia eBook Collection:</subfield>
    <subfield code="a">Fundaci&#xF3; CIDOB</subfield>
  </datafield>
  <datafield tag="856" ind1="4" ind2="0">
    <subfield code="3">Digitalia Hisp&#xE1;nica</subfield>
    <subfield code="u">https://www.digitaliapublishing.com/a/19590/</subfield>
  </datafield>
  <datafield tag="910" ind1=" " ind2=" ">
    <subfield code="a">Premium Collection: 2007-2012</subfield>
  </datafield>
  <datafield tag="942" ind1=" " ind2=" ">
    <subfield code="c">RAA</subfield>
  </datafield>
  <datafield tag="952" ind1=" " ind2=" ">
    <subfield code="0">0</subfield>
    <subfield code="1">0</subfield>
    <subfield code="4">0</subfield>
    <subfield code="7">0</subfield>
    <subfield code="8">DEH</subfield>
    <subfield code="a">BD-UIN</subfield>
    <subfield code="b">BD-UIN</subfield>
    <subfield code="d">2025-04-25</subfield>
    <subfield code="l">0</subfield>
    <subfield code="r">2025-04-25</subfield>
    <subfield code="w">2025-04-25</subfield>
    <subfield code="y">RAA</subfield>
  </datafield>
  <datafield tag="999" ind1=" " ind2=" ">
    <subfield code="c">236528</subfield>
    <subfield code="d">236528</subfield>
  </datafield>
</record>
